Statistics for College Football Matchups: Texas Tech

Click here to take the quiz!

General Stats

  • This quiz has been taken 53 times
  • The average score is 13 of 16

Answer Stats

# of GamesOpponentLast Meeting% Correct
29Oklahoma10/30/2021
100%
71Texas09/25/2021
100%
49Oklahoma State11/20/2021
97%
80Baylor11/27/2021
94%
64TCU10/09/2021
94%
23Kansas10/16/2021
91%
33Houston09/04/2021
86%
22Kansas State10/23/2021
86%
70Texas A&M10/08/2011
86%
37Arkansas09/19/2015
74%
49SMU08/30/2013
74%
48Rice09/12/2009
71%
24UTEP09/07/2019
66%
45New Mexico09/15/2012
60%
33Arizona09/14/2019
57%
23Tulsa10/24/1987
37%

Score Distribution

Percentile by Number Answered

Percent of People with Each Score

Your Score History

You have not taken this quiz